Sikshar samajtattvik vitti (Record no. 4524)

MARC details
000 -LEADER
fixed length control field 00634cam a2200229ua 4500
008 - FIXED-LENGTH DATA ELEMENTS--GENERAL INFORMATION
fixed length control field 120821n ii |||gr||||Z||||||asm
020 ## - INTERNATIONAL STANDARD BOOK NUMBER
International Standard Book Number 978-81-922265-7-6
040 ## - CATALOGING SOURCE
Transcribing agency MAIN
082 ## - DEWEY DECIMAL CLASSIFICATION NUMBER
Classification number 370
100 ## - MAIN ENTRY--PERSONAL NAME
Personal name Dutta, Golok Chandra,
Relator term
245 12 - TITLE STATEMENT
Title Sikshar samajtattvik vitti
Statement of responsibility, etc. by Golok Chandra Dutta
250 ## - EDITION STATEMENT
Edition statement 1st.
260 ## - PUBLICATION, DISTRIBUTION, ETC.
Place of publication, distribution, etc. Golaghat:
Name of publisher, distributor, etc. Saraswati prakashan,
Date of publication, distribution, etc. 2011.
300 ## - PHYSICAL DESCRIPTION
Extent 355p.
700 1# - ADDED ENTRY--PERSONAL NAME
Personal name Handique, Rintu,
Relator term
700 1# - ADDED ENTRY--PERSONAL NAME
Personal name Boruah, Sanjib,
Relator term
942 ## - ADDED ENTRY ELEMENTS (KOHA)
Koha item type Books
653 ## - INDEX TERM--UNCONTROLLED
Uncontrolled term Education
653 ## - INDEX TERM--UNCONTROLLED
Uncontrolled term Sociological foundations of education
653 ## - INDEX TERM--UNCONTROLLED
Uncontrolled term Sikshar samajtattvik vitti
Holdings
Withdrawn status Lost status Damaged status Not for loan Home library Current library Shelving location Date acquired Total Checkouts Full call number Barcode Date last seen Date last checked out Copy number Price effective from Koha item type
        Naharkatiya College Library Naharkatiya College Library General Stacks 19/09/2020 3 370Education | DUT 20670 19/08/2024 07/08/2024 3 19/09/2020 Books
        Naharkatiya College Library Naharkatiya College Library General Stacks 19/09/2020 7 370Education | DUT 20671 07/12/2022 28/10/2022 1 19/09/2020 Books
        Naharkatiya College Library Naharkatiya College Library General Stacks 19/09/2020   370Education | DUT 20672 19/09/2020   2 19/09/2020 Books

Naharkatiya College © 2020. All rights reserved.

Powered By